Environmental soil and water chemistry: principles and applications
Uloženo v:
| Hlavní autor: | |
|---|---|
| Médium: | Kniha |
| Jazyk: | angličtina |
| Vydáno: |
Nueva York
John Wiley
1998
|
| Vydání: | 1a. ed |
| Témata: | |
| Tagy: |
Přidat tag
Žádné tagy, Buďte první, kdo vytvoří štítek k tomuto záznamu!
|
MARC
| LEADER | 00000nam a2200000 a 4500 | ||
|---|---|---|---|
| 001 | UCJ0305 | ||
| 003 | CL-VaPUC | ||
| 008 | 060714e19980000US |||||||||||||||||eng|d | ||
| 020 | |a 0471165158 | ||
| 082 | 0 | 4 | |a 628.5 |b EVA |2 21 |
| 100 | 0 | |a Evangelou, V. P |e author |9 500377 | |
| 245 | 1 | 0 | |a Environmental soil and water chemistry: principles and applications |
| 250 | |a 1a. ed | ||
| 300 | |a 564 p | ||
| 942 | |c BK | ||
| 945 | |d 20060714 00:00:00 |a cmena | ||
| 260 | |a Nueva York |b John Wiley |c 1998 | ||
| 650 | 0 | |a Contaminación del suelo |9 338123 | |
| 650 | 0 | |a Química del suelo |9 360372 | |
| 650 | 0 | |a Suelos |9 260322 | |
| 650 | 7 | |a CALIDAD DEL SUELO |2 CL-VaPUC |9 500378 | |
| 650 | 0 | |a Contaminación del agua |9 261423 | |
| 650 | 0 | |a Química del agua |9 261152 | |
| 583 | |a last modification |c 20130305 03:44:03 |k Rodrigo Vera | ||
| 999 | |c 317171 |d 317169 | ||
| 952 | |0 0 |1 0 |4 0 |6 628_500000000000000_EVA_1998 |7 0 |8 A |9 393164 |a BIBAGR |b BIBAGR |d 2019-11-22 |i 4256573 |o 628.5 EVA 1998 |p 4256573 |r 2025-01-20 |w 2019-11-22 |y BK |k AGR | ||